000
00323nam a2200121Ia 4500
005
20251222143313.0
008
251222s9999||||xx |||||||||||||| ||spa||
082
_a
001.42/T21
100
_a
Tapia Fernández, Abel
245
0
_a
La investigación científica
264
_b
Universidad Católica de Santa María
942
_c
LIB
999
_c
15781
_d
15781